00763cam a2200205 a 4500020002100000082001900021100002100040245007100061260005000132300002600182490006400208650001700272650002300289650003400312650003900346650002900385942000700414999001900421952011700440 a1843761289 (pbk)00a382.91 POM/EC1 aPomfret, Richard14aThe economics of regional trading arrangements /cRichard Pomfret. aCheltenham :bEdward Elgar Publishing,c2003. axvii, 574 p. :bill.  aThe international library of critical writings in economics 0aTrade blocs. 0aCommercial policy. 0aRegionalism--Economic aspects 0aInternational economic integration 0aForeign trade regulation cBK c297807d297807 00104070aKAUCOAPbKAUCOAPd2014-02-12l0o382.91 POM/ECpKAU_COAP-08970r2014-02-12 00:00:00w2014-02-12yBK